|
|
|
|
| LEADER |
00701nab a2200181 i 4500 |
| 001 |
misc73766 |
| 005 |
20241018123157.0 |
| 008 |
240207s1937 hu o 000 ger d |
| 040 |
|
|
|a SZTE Miscellanea Repozitórium
|b hun
|
| 041 |
|
|
|a ger
|
| 100 |
2 |
|
|a Szent-Györgyi Albert
|
| 245 |
1 |
0 |
|a Über das Oxydationsystem der Peroxydasepflanzen
|h [elektronikus dokumentum] /
|c Szent-Györgyi Albert
|
| 260 |
|
|
|c 1937
|
| 300 |
|
|
|a 151-152
|
| 490 |
0 |
|
|a Биохимия [Biokhimiya]
|v 2 No. 2
|
| 561 |
|
|
|a Szent-Györgyi Albert tudományos és egyéb írásai
|
| 695 |
|
|
|a Sejtlégzés - biológiai oxidáció, Növényi peroxidázok
|
| 856 |
4 |
0 |
|u http://misc.bibl.u-szeged.hu/73766/1/szgya_magyar_119.pdf
|z Dokumentum-elérés
|